| 000 | 00345nam a22001337a 4500 | ||
|---|---|---|---|
| 008 | 250312b |||||||| |||| 00| 0 eng d | ||
| 020 | _a033148770 | ||
| 050 |
_aHC286.6 _b.H35 |
||
| 100 | _aHallet, Graham M . A | ||
| 245 | _aThe Social Economy of West Germany | ||
| 260 |
_aLondon _bMacmillan Press Ltd. _c1973 |
||
| 300 | _ax, 150p. | ||
| 942 | _cBK | ||
| 999 |
_c2279 _d2279 |
||